Gestión del conocimiento (Registro nro. 715)

Detalles MARC
000 -LEADER
fixed length control field 01454 a2200217 4500
001 - CONTROL NUMBER
control field 17099
005 - DATE AND TIME OF LATEST TRANSACTION
control field 20260407155459.0
008 - FIXED-LENGTH DATA ELEMENTS--GENERAL INFORMATION
fixed length control field 260407a2000 arg spa d
003 - CONTROL NUMBER IDENTIFIER
control field AR-UNSa-BCEJYS
040 ## - CATALOGING SOURCE
Original cataloging agency AR-UNSa-BCEJYS
Language of cataloging spa
Transcribing agency AR-UNSa-BCEJYS
080 ## - UNIVERSAL DECIMAL CLASSIFICATION NUMBER
Universal Decimal Classification number 658.012.4
Common auxiliary subdivision Gestión. Dirección. Autoridad. Técnicas y métodos de gestión (gestión del conocimiento, Outsourcing, Benchmarking...)
020 ## - INTERNATIONAL STANDARD BOOK NUMBER
International Standard Book Number 84-234-1724-7
100 1# - MAIN ENTRY--PERSONAL NAME
Personal name Harvard Business Review
245 10 - TITLE STATEMENT
Title Gestión del conocimiento
264 #1 - PRODUCTION, PUBLICATION, DISTRIBUTION, MANUFACTURE, AND COPYRIGHT NOTICE
Place of production, publication, distribution, manufacture Bilbao :
Name of producer, publisher, distributor, manufacturer Ediciones Deusto
Date of production, publication, distribution, manufacture, or copyright notice 2000
300 ## - PHYSICAL DESCRIPTION
Extent 245 p.
Dimensions 23 cm.
505 ## - FORMATTED CONTENTS NOTE
Formatted contents note 1. Llega una nueva organización a la empresa / Peter F. Drucker - 2. La empresa creadora de conocimiento / Ikujiro Nonaka - 3. Crear una organización que aprende / David A. Garvin - 4. Un enfoque clave para el aprendizaje de los directivos / Chris Argyris - 5. Poner a trabajar a todo el cerebro de la empresa / Dorothy Leonard y Susaan Straus - 6. Cómo hacer de la experiencia el mejor profesor de la empresa / Art Kleiner y George Roth - 7. Cómo lograr que la innovación prospere y se asiente en la empresa / John Seely Brown - 8. La gestión del intelecto profesional: sacar el máximo de los mejores / James Brian Quinn, Philip Anderson y Sydney Finkelstein
590 ## - LOCAL NOTE (RLIN)
Local note niveau_biblio:m niveau_hierar:0
856 41 - ELECTRONIC LOCATION AND ACCESS
Uniform Resource Identifier <a href="https://biblioeco.unsa.edu.ar/pmb/images/libros/Gestion del conocimiento-l86625.jpg">https://biblioeco.unsa.edu.ar/pmb/images/libros/Gestion del conocimiento-l86625.jpg</a>
Link text Imagen de portada
Electronic format type image/jpeg
942 ## - ADDED ENTRY ELEMENTS (KOHA)
Koha item type
Existencias
Withdrawn status Lost status Damaged status Not for loan Home library Current library Shelving location Date acquired Total checkouts Full call number Barcode Date last seen Price effective from Koha item type
        Biblioteca Prof. Eusebio Cleto del Rey Biblioteca Prof. Eusebio Cleto del Rey   07/04/2026   658.012.4 H339 L86625 07/04/2026 07/04/2026 Libro
        Biblioteca Prof. Eusebio Cleto del Rey Biblioteca Prof. Eusebio Cleto del Rey   07/04/2026   658.012.4 H339 L86626 07/04/2026 07/04/2026 Libro
        Biblioteca Prof. Eusebio Cleto del Rey Biblioteca Prof. Eusebio Cleto del Rey   07/04/2026   658.012.4 H339 L119108 07/04/2026 07/04/2026 Libro